书目信息 |
| 题名: |
发展中的北京文化产业调查与研究
|
|
| 作者: | 马朝军 主编 | |
| 分册: | ||
| 出版信息: | 北京 红旗出版社 2012 |
|
| 页数: | 278页 | |
| 开本: | 24cm | |
| 丛书名: | ||
| 单 册: | ||
| 中图分类: | G127.1 | |
| 科图分类: | ||
| 主题词: | 文化产业--调查研究--北京 | |
| 电子资源: | ||
| ISBN: | 978-7-5051-2262-8 | |
| 000 | 01030nam0 2200229 450 | |
| 001 | 339102 | |
| 005 | 20150604100438.06 | |
| 010 | @a978-7-5051-2262-8@dCNY38.00 | |
| 100 | @a20120803d2012 em y0chiy50 ea | |
| 101 | 0 | @achi |
| 102 | @aCN@b110000 | |
| 105 | @ay z 000yy | |
| 106 | @ar | |
| 200 | 1 | @a发展中的北京文化产业调查与研究@Afa zhan zhong de bei jing wen hua chan ye diao cha yu yan jiu@f马朝军主编 |
| 210 | @a北京@c红旗出版社@d2012 | |
| 215 | @a278页@d24cm | |
| 330 | @a本书从北京作为全国文化中心产业布局的战略高度, 围绕文化产业资源整合、文化服务与要素市场培育、文化产业园区建设、民营文化企业发展、文艺精品创作、新媒体与网络文化产业发展、对外文化贸易及文化市场管理等八个方面的议题进行了深入调查、研讨, 并选择有代表性的7家文化单位进行了案例剖析, 审视北京文化产业的发展轨迹, 探求文化产业的发展规律, 并提出有价值可操作的意见和建议。 | |
| 606 | 0 | @a文化产业@x调查研究@y北京 |
| 690 | @aG127.1@v5 | |
| 701 | 0 | @c(回)@a马朝军@Ama zhao jun@f(1951)@4主编 |
| 801 | 0 | @aCN@b卓展宏图@c20150525 |
| 905 | @dG127.1@e156@f5 | |
| 发展中的北京文化产业调查与研究/马朝军主编.-北京:红旗出版社,2012 |
| 278页;24cm |
| ISBN 978-7-5051-2262-8:CNY38.00 |
| 本书从北京作为全国文化中心产业布局的战略高度, 围绕文化产业资源整合、文化服务与要素市场培育、文化产业园区建设、民营文化企业发展、文艺精品创作、新媒体与网络文化产业发展、对外文化贸易及文化市场管理等八个方面的议题进行了深入调查、研讨, 并选择有代表性的7家文化单位进行了案例剖析, 审视北京文化产业的发展轨迹, 探求文化产业的发展规律, 并提出有价值可操作的意见和建议。 |
| ● |
| 相关链接 |
|
|
|
|
正题名:发展中的北京文化产业调查与研究
索取号:G127.1/156
 
预约/预借
| 序号 | 登录号 | 条形码 | 馆藏地/架位号 | 状态 | 备注 |
| 1 | 859381 | 208593814 | 第一样本阅览室/ [索取号:G127.1/156] | 在馆 | |
| 2 | 859382 | 208593823 | 第四借阅区/ [索取号:G127.1/156] | 在馆 | |
| 3 | 859383 | 208593832 | 第四借阅区/ [索取号:G127.1/156] | 在馆 | |
| 4 | 859384 | 208593841 | 第四借阅区/ [索取号:G127.1/156] | 在馆 | |
| 5 | 859385 | 208593850 | 第四借阅区/ [索取号:G127.1/156] | 在馆 |